|
|
|
|
| LEADER |
00000cam a2200000 4500 |
| 001 |
vtls011917827 |
| 003 |
SK-MaSNL |
| 005 |
20260301225345.0 |
| 008 |
210701s2019 xo o grf 000 0 slo |
| 015 |
|
|
|a SNBA2020/10
|
| 020 |
|
|
|a 9788097216726
|q (viazané)
|
| 035 |
|
|
|a urn:nbn:sk:snk-am00feg6
|
| 035 |
|
|
|a urn:nbn:sk:snk-am3iqvj
|
| 035 |
|
|
|a 713CFBEA-C5D7-47CF-BAD8-18D763A957E6
|
| 040 |
|
|
|a SNK
|b slo
|c SNK
|e rda
|
| 041 |
0 |
|
|a slo
|
| 044 |
|
|
|a xo
|c SK
|
| 072 |
|
7 |
|a 641
|x Kuchárstvo. Potraviny. Varené jedlá
|2 konspekt
|
| 080 |
|
|
|a 641.53
|2 2011
|
| 080 |
|
|
|a 641.522.6
|2 2011
|
| 080 |
|
|
|a 641.55
|2 2011
|
| 080 |
|
|
|a (083.12)
|2 2011
|
| 100 |
1 |
|
|a Sulík, Richard,
|d 1968-
|4 aut
|9 105465
|
| 245 |
1 |
0 |
|a Zdravý rozum je najlepší recept
|c Richard Sulík, Marcel Ihnačák
|
| 250 |
|
|
|a Prvé slovenské vydanie
|
| 264 |
|
1 |
|a Bratislava
|b Sloboda a Solidarita
|c 2019
|
| 300 |
|
|
|a 140 strán
|b farebné fotografie
|c 21 cm
|
| 336 |
|
|
|a text
|b txt
|2 rdacontent
|
| 337 |
|
|
|a bez média
|b n
|2 rdamedia
|
| 338 |
|
|
|a zväzok
|b nc
|2 rdacarrier
|
| 500 |
|
|
|a Skutočný vydavateľ podľa NA ISBN: Liberálny dom, Bratislava
|
| 650 |
0 |
7 |
|a varenie
|2 SNKPH
|9 4177
|
| 650 |
0 |
7 |
|a jedlá
|2 SNKPH
|
| 650 |
0 |
7 |
|a Cooking
|2 SNKPHeng
|9 294598
|
| 650 |
0 |
7 |
|a Meals
|2 SNKPHeng
|9 311382
|
| 655 |
|
7 |
|a kuchárske recepty
|2 SNKPH
|9 70493
|
| 655 |
|
7 |
|a Cookbooks
|2 SNKPHeng
|9 270340
|
| 700 |
1 |
|
|a Ihnačák, Marcel,
|d 1978-
|4 aut
|9 264474
|
| 700 |
1 |
|
|a Ižipová, Darina
|4 pht
|9 500677
|
| 700 |
1 |
|
|a Černáková, Zuzana
|4 pht
|9 529402
|
| 919 |
|
|
|a 978-80-972167-2-6
|
| 958 |
|
|
|a OND
|
| 999 |
|
|
|c 950585
|d 952515
|
| 952 |
|
|
|a SNK
|b SNK
|y PREZ
|7 0
|p 17A1425746
|o snkSC 188647
|i snk2020/8418
|8 0
|0 0
|1 0
|4 0
|d 2020-05-26
|f 1
|l 0
|r 2025-10-06 00:00:00
|w 2026-02-24
|
| 952 |
|
|
|a SNK
|b SNK
|y VYP
|7 0
|p 17A1425747
|o snkSC 188647 D1
|i snk2020/8419
|8 0
|0 0
|1 0
|4 0
|d 2020-05-26
|l 0
|r 2026-02-24 09:47:01
|w 2026-02-24
|